000 00311nam a22001097a 4500
008 230620b xxu||||| |||| 00| 0 eng d
082 _a321.00
_bPAR 1958
245 _aHow Kenya is Governed
260 _aKampala, Nairobi, Dar es Salaam
_bEast African Literature Bureau
_c1958
300 _aIX,102p
942 _2ddc
_cBK
999 _c1871
_d1871